| 000 | 01837nam2a2200289 4500 | ||
|---|---|---|---|
| 001 | rc\2921389 | ||
| 005 | 20260315054758.0 | ||
| 035 | _a(NLR Aleph) 007071565 | ||
| 090 |
_a13595592 _c13595592 |
||
| 100 | _a20110812d1940 u y0rusy50 ca | ||
| 101 | 0 | _arus | |
| 102 | _aRU | ||
| 105 | _aa z ||||| | ||
| 200 | 0 |
_aСб. 4 _fОтв. ред. дир. ин-та С.В. Иванов _gСвердловск. обл. отд. здравоохранения. Свердловск. ин-т экспериментальной медицины |
|
| 210 | _d1940 | ||
| 215 |
_a221, [3] с. _cил., табл., график. |
||
| 300 | _aНа обороте тит. л. Ред. коллегия: Левонтин, М.Л., Девирц, А.П. [и др.] | ||
| 320 | _aБиблиогр. в конце отд. ст. | ||
| 461 | 0 |
_1001rc\2921385 _12000#$aТруды и материалы$eСборник № 1-$fПод ред. дир. Ин-та С.В. Иванова и зам. дир. по науч. части М.Л. Левонтина$gУральск. обл. отд. здравоохранения. Ин-т гигиены труда и профзаболеваний$vСб. 4 _96385722 _aСвердловский научно-исследовательский институт экспериментальной медицины _cСвердловск _d1933-1940 _fПод ред. дир. Ин-та С.В. Иванова и зам. дир. по науч. части М.Л. Левонтина _nУральск. обл. гос. изд-во _oСборник № 1- _tТруды и материалы _vСб. 4 |
|
| 702 | 1 |
_aИванов _bС.В. _4340 |
|
| 702 | 1 |
_aЛевонтин _bМ.Л. _4340 |
|
| 702 | 1 |
_aДевирц _bА.П. _4340 |
|
| 801 | 0 |
_aRU _bNLR _gpsbo |
|
| 801 | 1 |
_aRU _bELAR _2rusmarc |
|
| 852 |
_aNLR _j34-18/64 |
||
| 942 | _cUNSPEC | ||
| 980 | _aNB | ||